|
|
|
|
| LEADER |
00000naa2a2200000 4500 |
| 001 |
623872 |
| 005 |
20231101133302.0 |
| 035 |
|
|
|a (RuTPU)RU\TPU\conf\22986
|
| 035 |
|
|
|a RU\TPU\conf\22985
|
| 090 |
|
|
|a 623872
|
| 100 |
|
|
|a 20171003d2017 k y0rusy50 ca
|
| 101 |
0 |
|
|a rus
|d rus
|
| 102 |
|
|
|a RU
|
| 105 |
|
|
|a y z 101zy
|
| 135 |
|
|
|a drcn ---uucaa
|
| 181 |
|
0 |
|a i
|
| 182 |
|
0 |
|a b
|
| 200 |
1 |
|
|a Уроки разоружения от стран, отказавшихся от ядерного оружия
|f А. Ю. Вдовенко, Д. Г. Демянюк
|
| 203 |
|
|
|a Текст
|c электронный
|
| 225 |
1 |
|
|a Международный и национальный опыт в совершенствовании культуры безопасности ядерных объектов
|
| 230 |
|
|
|a 1 компьютерный файл (pdf; 452 Kb)
|
| 300 |
|
|
|a Заглавие с экрана
|
| 320 |
|
|
|a [Библиогр.: с. 31 (2 назв.)]
|
| 463 |
|
0 |
|0 (RuTPU)RU\TPU\conf\22967
|t Физико-технические проблемы в науке, промышленности и медицине
|o сборник тезисов докладов IX Международной научно-практической конференции, г. Томск, 21-22 сентября 2017 г.
|f Национальный исследовательский Томский политехнический университет (ТПУ) ; под ред. С. А. Байдали [и др.]
|v [С. 30-31]
|d 2017
|
| 610 |
1 |
|
|a труды учёных ТПУ
|
| 610 |
1 |
|
|a электронный ресурс
|
| 610 |
1 |
|
|a атомная энергия
|
| 610 |
1 |
|
|a ядерное оружие
|
| 610 |
1 |
|
|a ядерные взрывные работы
|
| 610 |
1 |
|
|a разоружение
|
| 610 |
1 |
|
|a безызлучательные процессы
|
| 700 |
|
1 |
|a Вдовенко
|b А. Ю.
|
| 701 |
|
1 |
|a Демянюк
|b Д. Г.
|c специалист в области энергетики
|c доцент Томского политехнического университета, кандидат технических наук
|f 1976-
|g Дмитрий Георгиевич
|2 stltpush
|3 (RuTPU)RU\TPU\pers\26449
|
| 712 |
0 |
2 |
|a Национальный исследовательский Томский политехнический университет (ТПУ)
|b Физико-технический институт (ФТИ)
|b Кафедра физико-энергетических установок (№ 21) (ФЭУ)
|h 48
|2 stltpush
|3 (RuTPU)RU\TPU\col\18730
|
| 801 |
|
2 |
|a RU
|b 63413507
|c 20171006
|g RCR
|
| 856 |
4 |
|
|u http://earchive.tpu.ru/handle/11683/43124
|
| 942 |
|
|
|c BK
|